Contes (Запис номер 79017)
[ съкратено ]
| 000 -Лидер | |
|---|---|
| Контролно поле с фиксирана дължина | 01151nam a2200337 c 4500 |
| 003 - Код на организацията, давaща контролен номер | |
| Контролно поле | BLK |
| 005 - Дата и час на последна редакция | |
| Контролно поле | 20180420224420.0 |
| 008 - Елементи от данни с фиксирана дължина | |
| fixed length control field | 180408b bul|||||r ||||||| ||bul|| |
| 010 ## - Наследен системен номер | |
| LC control number | KNG00083485000 |
| 020 ## - Международен стандартен номер на книга ISBN | |
| Международен стандартен номер на книга ISBN | 2-7000-1434-0 |
| -- | издат.: Grund - на том(т. 1) |
| 040 ## - Източник на каталожния запис | |
| Идентификатор на билиотеката - собственик на записа | BLK |
| 041 ## - Код за език | |
| Код за езика на текст/звукозапис или на отделно заглавие | Френски |
| Код за езика КДБФ | Френски |
| 080 ## - УДК | |
| Текстов определител УДК | Датска литература |
| УДК код - определител по УДК | 821.113.4 |
| УДК определител | -93-34 |
| УДК - код + определител | 821.113.4-93-34 |
| 100 1# - Редна дума - Автор | |
| Автор | Andersen, Hans Christian |
| Авторска отговорност | първи автор |
| R(LIN) | 275404 |
| 139 ## - Редно поле | |
| Редна дума | Andersen, Hans Christian |
| Авторски знак | And - A 54 |
| 245 10 - Сведения за заглавието | |
| Заглавие | Contes |
| Редно поле (дума) | Hans Christian Andersen; ill. Kamila Stanclova; ill. Dusan Kallay. |
| Том | T. 1 |
| Заглавие на том | Le vieux reverbere et al. |
| 250 ## - Област на изданието | |
| Сведения за изданието | 3. ed. |
| 257 ## - Страна на издаване | |
| Страна на създаване/издаване | Франция |
| 260 ## - Област на издателските данни | |
| -- | Paris |
| Година на издаване | 2005 - |
| 300 ## - Физическа характеристика | |
| Размери/Мащаб | 30 см |
| 380 ## - Жанр | |
| Жанр | Худож. лит. |
| 500 ## - Общи забележки | |
| Забележка | 1. изд. 1964 |
| 700 1# - Други автори (авторска отговорност) | |
| Лично име | Stanclova, Kamila |
| Автороска отговорност (Описва отношението между автора и произведението) | ill. |
| 9 (RLIN) | 25044 |
| 700 1# - Други автори (авторска отговорност) | |
| Лично име | Kallay, Dusan |
| Автороска отговорност (Описва отношението между автора и произведението) | ill. |
| 9 (RLIN) | 298992 |
| 760 1# - Описание на основната серия | |
| -- | - на том(т. 1) |
| Редна дума на основното описание | Andersen, Hans Christian |
| Издание | 3. ed. |
| Място на издаване, издател и година | Grund, 2005 |
| Страници - том | 592 . : с ил. |
| Заглавие | T. 1 Le vieux reverbere et al. |
| 852 ## - Местоположение | |
| Форматна сигнатура | Цб ІІ 15216 |
| 856 4# - Електронен адрес и достъп | |
| Електронен формат | pdf - файл |
| Път до файла /url/ | |
| 856 4# - Електронен адрес и достъп | |
| Електронен формат | pdf - файл |
| Път до файла /url/ | |
| 942 ## - АРТИКУЛИ | |
| Вид на библиотечния материал | Книги |
| Скрит в OPAC | Не |
| 944 ## - СЪЗДАВАНЕ И РЕДАКЦИЯ на ЗАПИСА | |
| Създаване/Редакция | Създаване |
| Дата на регистрацията/редакция | 23.04.2008 |
| Служител, извършил регистрацията/редакцията | Геновева_Генчева |
| 944 ## - СЪЗДАВАНЕ И РЕДАКЦИЯ на ЗАПИСА | |
| Създаване/Редакция | Редакция |
| Дата на регистрацията/редакция | 29.04.2008 |
| Служител, извършил регистрацията/редакцията | |
| 999 ## - СИСТЕМНИ КОНТРОЛНИ НОМЕРА | |
| Koha biblionumber | 79017 |
| Koha biblioitemnumber | 79017 |
| Код за отписване | Код за изгубен артикул | Код за повреда | Коз за рестрикции | Код за отдаване | Артикулен № | Име на библиотеката - собственик | Име на библиотеката, в която се намира в момента | Статус (Текущо местоположение) | Дата на вписване в системата | Местоположение - отдел | Цена в лева | Инвентарен номер | Систематично азбучна сигнатура | Баркод | Номер на екземпляра | Цена в евро | Служебна бележка | Служебен тип на артикула |
|---|---|---|---|---|---|---|---|---|---|---|---|---|---|---|---|---|---|---|
| Не е изгубен | Не е повреден | без рестрикции | заемане за дома | 127810 | Регионална библиотека "Любен Каравелов" Русе | Регионална библиотека "Любен Каравелов" Русе | ЧЧЗО - англ. ез. - Британски съвет | 2008-04-22 | ЧЧЗО - англ. ез. - Британски съвет | 50.00 | 120000725931 | Ч3 820/899/A 54 | 120000725931 | 1 | 25.56 | Дост: DA Вид: А N: 7 Дата: 22.04.2008 Дата инв: 24.03.2015 Бележки инв: Ч32015 | Книги |